LDR 00564naa#a2200169#i#450# 001 EN\\bibl\120263 005 20260416204313.4 011 ## _a1819-4036 100 ## _a20210331b2021####ek#y0engy0150####ca 102 ## _aRU 200 1# _aACTINIDIA KOLOMIKTA (MAXIM.) MAXIM. – PROMISING CULTURE FOR THE SOUTHERN URALS _eJournal article 210 1# _aKrasnoyarsk _cKrasnoyarsk State Agrarian University _d2021 215 ## _a4 с. 608 ## _aJournal article _2local 675 ## _aСистематика растений. 582 _z 700 #1 _aBilalova _gRoza Al'tafovna 856 4# _avestnik.kgau.ru _u